| 000 | 02309nam a22002897a 4500 | ||
|---|---|---|---|
| 001 | 1713 | ||
| 003 | FISKH | ||
| 005 | 20230919092121.0 | ||
| 008 | 230919b cb ||||| |||| 00| 0 khr d | ||
| 020 | _a9789924341154 | ||
| 040 |
_aFISKH _beng _cFISKH _dFISKH |
||
| 082 | _a582.13 | ||
| 100 | _aDulac, Christophe Vanllantin | ||
| 245 |
_aឡាដាវ៉ាន់ ផ្ដាអរគីដេព្រៃ / _cLada Vallantin Dulac ; Joelle Cuvilliez - ប្រែសម្រួលពីភាសាបារាំងដោយ ហួត សុជាតា |
||
| 260 |
_aPhnom Penh : _bSipar, _c2020. |
||
| 300 |
_a238 pages : _c20 cm |
||
| 505 | _aZ' | ||
| 520 | _a«ឡាវាន់ដា ផ្កាអរគីដេព្រៃ» ជាកំណត់ហេតុបែបប្រលោមលោក ដែលរៀបរាប់ពីជីវិតរស់នៅរបស់គ្រួសារធូរធារមួយនៅបាត់ដំបង។ ឡាវាន់ដារៀបរ៉ាប់ពីទិដ្ឋភាព ការរស់នៅដ៏រីករាយរបស់ក្រុមគ្រួសារនាងតាមបែបអ្នកជនបទនាសម័យលន់ នល់ សេចក្ដីលំបាក វេទនានិងសោកសង្រេងក្នុងសម័យប៉ុលពត ការរត់ភាសខ្លួនទៅនៅជុំរុំប្រទេស ជិតខាង និងជិវិតថ្មីក្រោយពីការព្យាបាលជំងឺរ៊៉ាំរៃនៅប្រទេសបារាំង។ | ||
| 520 | _a"Wild Lavender Orchid" is a novel that describes the life of a wealthy family in Battambang. Lavanda recounts the happy life of her family in the rural Lon Nol era, the hardships and sorrows of the Pol Pot era, the exodus to neighboring countries and a new life after chronic illness in France. | ||
| 521 | 8 |
_a1120
_bLexile estimate |
|
| 521 | 8 |
_aZ'
_bRaz-Plus |
|
| 650 | _aប្រលោមលោក រស់នៅ លំបាក ភៀសខ្លួន | ||
| 650 |
_aNovel _vLive _xHardship _yImmigrate |
||
| 700 |
_aCuvilliez, Joelle _eAuthor |
||
| 700 |
_aSocheata, Huot _eTranslator |
||
| 942 |
_2ddc _cKHB _n0 |
||
| 999 |
_c1713 _d1713 |
||